| 000 | 00507cam a2200205 4500 | ||
|---|---|---|---|
| 001 | D4060 | ||
| 008 | 090401t1982 xxu||||| |||| 00| 0 eng d | ||
| 035 | _a(Sirsi) u76375 | ||
| 041 | _aeng | ||
| 050 | _a711.52 | ||
| 100 | _aGibson, Michael S | ||
| 245 | 3 | _aAn introduction to urban renewal | |
| 260 |
_aLondon _bHutchinson and Co _c1982 |
||
| 300 | _a384p. 23cm | ||
| 350 | _a7.95 | ||
| 490 | _aSpon Built Environment Series | ||
| 700 | _aLongstaff, Michael J | ||
| 942 | _n0 | ||
| 948 | _c04/03/1997 | ||
| 999 |
_c96163 _d96163 |
||